000 00894nam a22002297a 4500
008 130821s2008 ck a gr spa
020 _a9789589856796
040 _aCo-BoUCM
_bspa
041 0 0 _aspa
100 1 _aSourdis Nájera, Adelaida
_9117638
245 1 0 _aGanadería en Colombia cinco siglos construyendo país
_cAdelaida Sourdis Nájera
260 _aBogotá (Colombia)
_bFedegan
_c2008
300 _a381 páginas
_bilustraciones, cuadros, tablas
650 0 4 _aAgricultura
_98719
650 0 4 _aGanadería
_vAspectos sociales
_xHistoria
_zColombia
_916246
650 0 4 _aGanadería
_xAspectos económicos
_xHistoria
_zColombia
_916246
650 0 4 _aGanadería
_xHistoria
_zColombia
_916246
650 0 4 _aViolencia
_zColombia
_926294
710 2 _aFederación Nacional del Ganado. Fedegan
_9167461
942 _cLIBRO
_a7
_e1
_mS724g
_2DEWEY
_h338.1762
999 _c69689
_d69689